Culture Générale - Série 2574 - Statistiques

Statistiques générales
  • Ce quiz a été pris 157 fois
  • Le résultat moyen est 5 sur 10
Statistiques - réponses
Question Réponse % Correct
Dans quel sport s'illustre Tiger Woods ? golf
93%
Quelle est la capitale de la Bulgarie ? Sofia
83%
Dans quel pays un accident nucléaire majeur a-t-il eu lieu le 11 mars 2011 ? Japon
74%
En quelle année la première fête de la musique a-t-elle eu lieu ? 1982
52%
En cuisine, quel ustensile est appelé "chinois" ? passoire
51%
Dans quel pays Ernesto Che Guevara a-t-il trouvé la mort le 9 octobre 1967 ? voir photo Bolivie
44%
Quel ministère est situé Place Vendôme à Paris ? Justice
40%
A quel état actuel correspond l'ancienne république de Dahomey ? Bénin
28%
Quel était le prénom du chef d'orchestre Karajan (1908-1989)? Herbert
22%
Quel a été le chef cuisinier du restaurant "La Côte d'Or" à Saulieu (21) de 1975 à 2003 ? prénom et nom Bernard Loiseau
20%
Aucun quiz correspondant
Distribution des résultats
% des personnes avec chaque résultat
Percentile par nombre de réponses
Votre historique - résultats
Vous n’avez pas pris ce quiz